[Event "Mazowiec-chT op 0910"]
[Site "Mazowsze"]
[Date "2009.11.29"]
[Round "1.12"]
[White "Jasik, Andrzej"]
[Black "Pukianiec, Emil"]
[Result "1-0"]
[WhiteElo "2068"]
[BlackElo "1673"]
[PlyCount "81"]
[EventDate "2009.11.29"]
[EventType "team-tourn"]
[EventRounds "10"]
[EventCountry "POL"]
[SourceTitle "EXT 2011"]
[Source "ChessBase"]
[SourceDate "2010.11.26"]
[SourceVersion "1"]
[SourceVersionDate "2010.11.26"]
[SourceQuality "1"]

1. d4 Nf6 2. c4 g6 3. Nc3 Bg7 4. e4 d6 5. Nf3 0-0 6. Bg5 Nbd7 7. Qd2 c5 8. d5 a6 9. Bd3 Re8 10. h3 Qa5 11. Rc1 Rb8 12. 0-0 b5 13. b3 b4 14. Ne2 e5 15. Nh4 h5 16. g3 Nh7 17. Be3 Bf6 18. Ng2 Qd8 19. f4 exf4 20. gxf4 Qe7 21. Rf3 Bh4 22. Kh2 Ndf8 23. Rcf1 Bf6 24. Nc1 Rb7 25. Bc2 Bc3 26. Qf2 Rc7 27. Nd3 Nd7 28. Rd1 Nhf6 29. e5 Ne4 30. Qf1 dxe5 31. f5 Qd6 32. Nxb4 cxb4 33. Bxe4 Nc5 34. fxg6 Nxe4 35. gxf7+ Rxf7 36. Rxf7 Qg6 37. Rf3 Re7 38. Nh4 Qe8 39. Nf5 Bxf5 40. Rxf5 Rg7 41. Qf3 1-0

[Event "Mazowiec-chT 0708"]
[Site "Poland"]
[Date "2008.01.20"]
[Round "7"]
[White "Wypych, Dominik"]
[Black "Jasik, Andrzej"]
[Result "1-0"]
[WhiteElo "2049"]
[BlackElo "2068"]
[PlyCount "49"]
[EventDate "2007.10.14"]
[EventType "tourn"]
[EventRounds "10"]
[EventCountry "POL"]
[SourceTitle "EXT 2010"]
[Source "ChessBase"]
[SourceDate "2010.11.25"]
[SourceVersion "1"]
[SourceVersionDate "2010.11.25"]
[SourceQuality "1"]

1. d4 d5 2. c4 e6 3. g3 c5 4. dxc5 Bxc5 5. cxd5 exd5 6. Bg2 Qb6 7. e3 Nf6 8. Nf3 Nc6 9. 0-0 Be6 10. Nc3 Bb4 11. Ne2 Ne4 12. Nfd4 Ne5 13. Nxe6 fxe6 14. Qa4+ Qc6 15. Qxb4 Nd3 16. Qb3 Nexf2 17. Rxf2 Nxf2 18. Kxf2 0-0+ 19. Kg1 Rac8 20. Bd2 Qc2 21. Rd1 Qxb3 22. axb3 Rc2 23. Nd4 Rxb2 24. Nxe6 Rc8 25. Bxd5 1-0

[Event "Mazowiec-chT 0708"]
[Site "Poland"]
[Date "2007.12.02"]
[Round "4"]
[White "Jasik, Andrzej"]
[Black "Wojtaszewski, Piotr"]
[Result "1-0"]
[WhiteElo "2068"]
[BlackElo "1962"]
[PlyCount "99"]
[EventDate "2007.10.14"]
[EventType "tourn"]
[EventRounds "10"]
[EventCountry "POL"]
[SourceTitle "EXT 2010"]
[Source "ChessBase"]
[SourceDate "2010.11.25"]
[SourceVersion "1"]
[SourceVersionDate "2010.11.25"]
[SourceQuality "1"]

1. e4 c5 2. Nf3 Nc6 3. d4 cxd4 4. Nxd4 Nf6 5. Nc3 g6 6. Nxc6 dxc6 7. Qxd8+ Kxd8 8. Bc4 e6 9. Bg5 Be7 10. 0-0-0+ Ke8 11. e5 Nd5 12. Ne4 Bxg5+ 13. Nxg5 b5 14. Bb3 Ke7 15. h4 Bb7 16. Ne4 Rab8 17. Nc5 Rhd8 18. Rd4 Ba8 19. h5 g5 20. h6 Nf4 21. Re4 Nxg2 22. Rg1 Nh4 23. Rxg5 Nf5 24. Reg4 Rh8 25. Rxf5 exf5 26. Rg7 Rhf8 27. Ne6 c5 28. Nxf8 Rxf8 29. c4 bxc4 30. Bxc4 Bf3 31. Rxh7 Bh5 32. e6 Bg6 33. Rg7 Kf6 34. exf7 Bxf7 35. Bxf7 Rxf7 36. Rxf7+ Kxf7 37. Kd2 Kg6 38. Ke3 Kxh6 39. Kf4 Kg6 40. Ke5 Kg5 41. b3 a6 42. a3 Kg4 43. f4 Kf3 44. Kxf5 Ke3 45. Ke5 Kd3 46. Kd5 Kc3 47. Kxc5 Kxb3 48. f5 Kxa3 49. f6 a5 50. f7 1-0

[Event "Mazowiec-chT 0708"]
[Site "Poland"]
[Date "2007.11.18"]
[Round "3"]
[White "Dudzik, Leszek"]
[Black "Jasik, Andrzej"]
[Result "0-1"]
[WhiteElo "1998"]
[BlackElo "2068"]
[PlyCount "84"]
[EventDate "2007.10.14"]
[EventType "tourn"]
[EventRounds "10"]
[EventCountry "POL"]
[SourceTitle "EXT 2010"]
[Source "ChessBase"]
[SourceDate "2010.11.25"]
[SourceVersion "1"]
[SourceVersionDate "2010.11.25"]
[SourceQuality "1"]

1. e4 c5 2. Nf3 d6 3. d4 cxd4 4. Nxd4 Nf6 5. Nc3 a6 6. Bg5 Qc7 7. f4 Nbd7 8. Qf3 h6 9. Bh4 e5 10. Nf5 exf4 11. Bxf6 Nxf6 12. Qxf4 Bxf5 13. Qxf5 Be7 14. 0-0-0 Rc8 15. Bd3 0-0 16. e5 g6 17. exd6 Qxd6 18. Qf3 Rxc3 19. bxc3 Nd5 20. Bc4 Qa3+ 21. Kd2 Nxc3 22. Rhf1 Rd8+ 23. Bd3 Bg5+ 24. Ke1 Re8+ 25. Kf2 Qc5+ 26. Kg3 Re3 27. Rde1 Qe5+ 28. Kh3 Rxf3+ 29. gxf3 Be3 30. f4 Qh5+ 31. Kg3 Nd5 32. f5 Qg5+ 33. Kf3 Qf4+ 34. Kg2 Qg4+ 35. Kh1 Nf4 36. Be4 Qh3 37. fxg6 fxg6 38. Bxb7 Kg7 39. c4 g5 40. Rb1 g4 41. Rfe1 g3 42. Rb2 Bf2 0-1

[Event "POL-chT Liga Mazowiecka 2006/07"]
[Site "Poland"]
[Date "2007.01.14"]
[Round "5.2"]
[White "Jasik, Andrzej"]
[Black "Brudzinski, Maciej"]
[Result "1-0"]
[WhiteElo "2000"]
[BlackElo "2180"]
[PlyCount "111"]
[EventDate "2006.10.22"]
[EventType "team-swiss"]
[EventRounds "9"]
[EventCountry "POL"]
[SourceTitle "EXT 2011"]
[Source "ChessBase"]
[SourceDate "2010.11.26"]
[SourceVersion "1"]
[SourceVersionDate "2010.11.26"]
[SourceQuality "1"]
[WhiteTeam "Ostroleka Wieza"]
[BlackTeam "Bialoleka PKS Agape"]
[WhiteTeamCountry "POL"]
[BlackTeamCountry "POL"]

1. e4 c5 2. Nf3 Nf6 3. e5 Nd5 4. c4 Nc7 5. Nc3 Nc6 6. d3 g6 7. Bf4 Bg7 8. Qd2 Ne6 9. Bg3 h5 10. h4 a6 11. Be2 b5 12. 0-0 Ncd4 13. Nd5 Bb7 14. Rfe1 0-0 15. Nxd4 Nxd4 16. Bf4 Kh7 17. Bf3 Bc6 18. Be4 f5 19. exf6 exf6 20. Bd6 f5 21. Be7 fxe4 22. Bxd8 Raxd8 23. Rxe4 Rf7 24. Rae1 Rdf8 25. Re7 Rf5 26. Re8 R8f7 27. R1e7 Bxd5 28. cxd5 Rxe7 29. Rxe7 Rxd5 30. Kh1 Nf5 31. Rxg7+ Kxg7 32. Qe2 Rd6 33. Qe5+ Rf6 34. Qxc5 Rc6 35. Qe5+ Kf7 36. g3 Re6 37. Qd5 Ke7 38. b4 Rd6 39. Qe5+ Kf7 40. Qe4 Rd4 41. Qb7 Rd6 42. Kg2 Ke7 43. Qa8 Rc6 44. Qh8 Re6 45. d4 Rd6 46. Qe5+ Re6 47. Qc5+ Rd6 48. d5 Kf6 49. Kh3 Ke5 50. Qc3+ Kxd5 51. g4 hxg4+ 52. Kxg4 Ke6 53. f4 Rd4 54. a3 Rc4 55. Qh8 Ng7 56. Qxg7 1-0

[Event "POL-chT Liga Mazowiecka 2006/07"]
[Site "Poland"]
[Date "2006.11.19"]
[Round "3.2"]
[White "Jasik, Andrzej"]
[Black "Szymanski, Andrzej"]
[Result "1/2-1/2"]
[WhiteElo "2000"]
[BlackElo "2209"]
[PlyCount "67"]
[EventDate "2006.10.22"]
[EventType "team-swiss"]
[EventRounds "9"]
[EventCountry "POL"]
[SourceTitle "EXT 2011"]
[Source "ChessBase"]
[SourceDate "2010.11.26"]
[SourceVersion "1"]
[SourceVersionDate "2010.11.26"]
[SourceQuality "1"]
[WhiteTeam "Ostroleka Wieza"]
[BlackTeam "Zielonka Zieloni Juniorzy"]
[WhiteTeamCountry "POL"]
[BlackTeamCountry "POL"]

1. d4 Nf6 2. c4 e6 3. g3 c5 4. Bg2 cxd4 5. Qxd4 Nc6 6. Qd1 d5 7. Nf3 Be7 8. 0-0 0-0 9. b3 dxc4 10. bxc4 Qc7 11. Qc2 Bd7 12. Bb2 Rac8 13. Nbd2 h6 14. Rfc1 Rfd8 15. a3 Be8 16. Bc3 Nd7 17. Nb3 Nc5 18. Nxc5 Bxc5 19. Qb2 Qb6 20. Qxb6 axb6 21. Rcb1 Ra8 22. Rb3 f6 23. Nd2 Ra4 24. e3 Rda8 25. Ne4 Rxc4 26. Nxc5 bxc5 27. Bf1 Rca4 28. Rxb7 Rxa3 29. Rxa3 Rxa3 30. Bb2 Ra7 31. Rxa7 Nxa7 32. Ba3 Bb5 33. Bxc5 Bxf1 34. Bxa7 1/2-1/2

[Event "Mazowieckie-chT 0506"]
[Site "Poland"]
[Date "2006.01.29"]
[Round "8"]
[White "Zychowicz, Marcin"]
[Black "Jasik, Andrzej"]
[Result "0-1"]
[WhiteElo "1800"]
[BlackElo "1800"]
[PlyCount "54"]
[EventDate "2005.10.09"]
[EventType "team-tourn"]
[EventRounds "9"]
[EventCountry "POL"]
[SourceTitle "EXT 2019"]
[Source "ChessBase"]
[SourceDate "2018.10.10"]
[SourceVersion "1"]
[SourceVersionDate "2018.10.10"]
[SourceQuality "1"]

1. e4 d6 2. d4 g6 3. f4 Bg7 4. Nf3 Nf6 5. Nc3 c5 6. d5 0-0 7. Be2 b5 8. e5 dxe5 9. fxe5 Ng4 10. Nxb5 Nxe5 11. Nxe5 Bxe5 12. d6 Bb7 13. Nc7 exd6 14. Nxa8 Qh4+ 15. Kf1 Bd4 16. Qe1 Qf6+ 17. Bf3 Ba6+ 18. Qe2 Bxe2+ 19. Kxe2 Re8+ 20. Kd3 c4+ 21. Kxc4 Bxb2 22. Bxb2 Qxb2 23. Kd3 Na6 24. Rab1 Nb4+ 25. Kc4 Rc8+ 26. Kb5 Rb8+ 27. Kc4 Qxc2+ 0-1

[Event "Mazowieckie-chT 0506"]
[Site "Poland"]
[Date "2006.01.08"]
[Round "7"]
[White "Mietek, Lukasz"]
[Black "Jasik, Andrzej"]
[Result "0-1"]
[WhiteElo "2016"]
[BlackElo "1800"]
[PlyCount "70"]
[EventDate "2005.10.09"]
[EventType "team-tourn"]
[EventRounds "9"]
[EventCountry "POL"]
[SourceTitle "EXT 2019"]
[Source "ChessBase"]
[SourceDate "2018.10.10"]
[SourceVersion "1"]
[SourceVersionDate "2018.10.10"]
[SourceQuality "1"]

1. b3 f5 2. Bb2 b6 3. e4 e5 4. exf5 Qe7 5. Qh5+ Kd8 6. Qe2 Nc6 7. Nf3 e4 8. Nd4 Nxd4 9. Bxd4 c5 10. Bb2 d5 11. Nc3 Nf6 12. g4 Bb7 13. Bg2 Qe8 14. g5 Nh5 15. Qg4 Bd6 16. Ne2 Kc7 17. 0-0 Rf8 18. Rfe1 Bc8 19. d3 Rxf5 20. Nc3 h6 21. Nb5+ Qxb5 22. Qxh5 Rxg5 23. Qf7+ Qd7 24. Qxd7+ Kxd7 25. dxe4 dxe4 26. Kh1 Bb7 27. Rad1 Re8 28. Bc1 Rg4 29. h3 Rg6 30. Bf4 Rf6 31. Bg3 Kc7 32. Rxd6 Rxd6 33. Rd1 Ree6 34. h4 Kd7 35. Bxd6 Rxd6 0-1

[Event "Mazowieckie-chT 0506"]
[Site "Poland"]
[Date "2005.11.06"]
[Round "3"]
[White "Jasik, Andrzej"]
[Black "Pazderski, Ziemowit"]
[Result "0-1"]
[WhiteElo "1800"]
[BlackElo "2176"]
[PlyCount "82"]
[EventDate "2005.10.09"]
[EventType "team-tourn"]
[EventRounds "9"]
[EventCountry "POL"]
[SourceTitle "EXT 2019"]
[Source "ChessBase"]
[SourceDate "2018.10.10"]
[SourceVersion "1"]
[SourceVersionDate "2018.10.10"]
[SourceQuality "1"]

1. d4 Nf6 2. c4 e6 3. Nc3 Bb4 4. Qc2 b6 5. Nf3 Bb7 6. e3 0-0 7. a3 Bxc3+ 8. Qxc3 d6 9. Be2 Nbd7 10. 0-0 Ne4 11. Qc2 f5 12. Nd2 Qg5 13. Nf3 Qh6 14. Ne1 Ng5 15. f3 Qh4 16. d5 Rf6 17. e4 f4 18. Nd3 e5 19. Nf2 Rg6 20. Bd1 Nf6 21. Bd2 Rh6 22. h3 Qg3 23. Be1 Bc8 24. Kh1 Nxh3 25. Nxh3 Qg6 26. Kh2 Nh5 27. Qd2 Ng3 28. Kg1 Bxh3 29. Bxg3 Qxg3 30. Qf2 Qg5 31. Re1 Rg6 32. Re2 Bd7 33. Kf1 Rh6 34. Ke1 Rh2 35. Qg1 Qh4+ 36. Kd2 Rf8 37. Bc2 Rf6 38. Qf2 Qxf2 39. Rxf2 Rg6 40. Rg1 Bh3 41. Bd3 Bxg2 0-1

[Event "Mazowieckie-chT 0405"]
[Site "Poland"]
[Date "2004.10.17"]
[Round "2"]
[White "Kudla, Andrzej"]
[Black "Jasik, Andrzej"]
[Result "0-1"]
[WhiteElo "2089"]
[BlackElo "1800"]
[PlyCount "66"]
[EventDate "2004.10.03"]
[EventType "team-tourn"]
[EventRounds "10"]
[EventCountry "POL"]
[SourceTitle "EXT 2019"]
[Source "ChessBase"]
[SourceDate "2018.10.10"]
[SourceVersion "1"]
[SourceVersionDate "2018.10.10"]
[SourceQuality "1"]

1. Nf3 c5 2. c4 Nc6 3. Nc3 g6 4. g3 Bg7 5. Bg2 d6 6. 0-0 Nf6 7. d4 cxd4 8. Nxd4 Bd7 9. b3 0-0 10. Bb2 Qc8 11. Re1 Bh3 12. Bh1 Nd7 13. Nd5 Re8 14. Nxc6 bxc6 15. Bxg7 Kxg7 16. Nf4 Ne5 17. Nxh3 Qxh3 18. Bg2 Qc8 19. Qd4 Kg8 20. c5 Qc7 21. cxd6 exd6 22. Rac1 Rac8 23. Red1 Red8 24. f4 c5 25. Qd5 Nc6 26. a3 Ne7 27. Qc4 Qb6 28. Kh1 Qa5 29. e4 Nc6 30. Bh3 Rb8 31. Qd5 Rb6 32. b4 Qxa3 33. bxc5 dxc5 0-1